| 000 | 00579nam a2200193 i 4500 | ||
|---|---|---|---|
| 001 | 129616 | ||
| 003 | ES-MaACL | ||
| 005 | 20230906193534.0 | ||
| 007 | t| | ||
| 008 | 070627s1966 sp ||||1| spa d | ||
| 080 | _a616-056.3(02) | ||
| 100 | 1 |
_aThiers, Henri. _9109957 |
|
| 245 | 1 | 0 |
_aManual de alergología / _cpor Henri Thiers ; versión de J. García San Miguel. |
| 250 | _a[1ª ed.]. | ||
| 260 |
_aBarcelona : _bToray Masson, _c1966. |
||
| 300 |
_aXII, 479 p. : _bil. ; _c25 cm. |
||
| 700 | 1 |
_aGarcía San Miguel, Juan. _955253 |
|
| 852 |
_aES-MaACL _jC-30825 _bR.70172 |
||
| 999 |
_c129616 _d129616 |
||